| 000 | 00957nam a2200277Ia 4500 | ||
|---|---|---|---|
| 005 | 20251020182515.0 | ||
| 008 | 200515s9999 xx 000 0 und d | ||
| 020 | _a978-958-648-624-8 | ||
| 082 | _a658.552.92/C28 | ||
| 100 | _aCascio, Joseph | ||
| 100 | _aMitchell, Philip | ||
| 100 | _aWoodside, Gayle | ||
| 245 | 0 | _aISO 14000 : las nuevas normas internacionales para la administración ambiental | |
| 260 | _aMéxico, D.F. | ||
| 260 | _bMcGraw-Hill | ||
| 260 | _c1997 | ||
| 300 | _btbls. | ||
| 500 | _a1 ejemplar | ||
| 520 | _aLas normas ISO 14000 producirán una revolución en la protección del medio ambiente a nivel mundial en la próxima década. En especial ISO 14001, la norma para el sistema de administración ambiental, habrá de cambiar el paradigma regulador, de una posición | ||
| 650 | _aISO 14001 | ||
| 650 | _aLIB | ||
| 650 | _aMEDIO AMBIENTE | ||
| 650 | _aPOLITICAS AMBIENTALES | ||
| 942 | _cLIB | ||
| 999 |
_c1550 _d1550 |
||